Top 20 Active NBA Players of All-Time - Statistics

General Stats
  • This quiz has been taken 209 times
  • The average score is 16 of 20
Answer Stats
All-Time Rank Player % Correct
1-2. LeBron James
99%
14. Kevin Durant
97%
9. Steph Curry
97%
28. James Harden
92%
17. Nikola Jokic
92%
53. Russell Westbrook
90%
25. Kawhi Leonard
85%
33. Chris Paul
84%
59. Luka Doncic
82%
20. Giannis Antetokounmpo
79%
58. Paul George
78%
47. Anthony Davis
77%
55. Joel Embiid
77%
69. Damian Lillard
72%
83. Kyrie Irving
72%
63. Jayson Tatum
70%
103. Draymond Green
67%
93. Devin Booker
61%
57. Jimmy Butler
60%
100. Kevin Love
38%
No matching quizzes found
Score Distribution
Percent of People with Each Score
Percentile by Number Answered
Your Score History
You have not taken this quiz